Online
Catalog

Roma in stereoscopia : (Record no. 1011)

MARC details
000 -CABECERA
campo de control de longitud fija 01015cam a2200241 a 4500
001 - NÚMERO DE CONTROL
campo de control 000001035
005 - FECHA Y HORA DE LA ÚLTIMA TRANSACCIÓN
campo de control 20200929145453.0
008 - DATOS DE LONGITUD FIJA--INFORMACIÓN GENERAL
campo de control de longitud fija 970513s1994 it a c 000 0 ita
020 ## - NÚMERO INTERNACIONAL ESTÁNDAR DEL LIBRO
Número Internacional Estándar del Libro 8880160648
040 ## - FUENTE DE LA CATALOGACIÓN
Centro catalogador/agencia de origen DO-SdBNP
Centro/agencia transcriptor DLC
Centro/agencia modificador DLC
043 ## - CÓDIGO DE ÁREA GEOGRÁFICA
Código de área geográfica e-it---
082 ## - NÚMERO DE LA CLASIFICACIÓN DECIMAL DEWEY
Número de clasificación 945
Número de documento/Ítem M665R
110 1# - ENTRADA PRINCIPAL--NOMBRE DE ENTIDAD CORPORATIVA
Nombre de entidad corporativa o nombre de jurisdicción como elemento de entrada Italia
Unidad subordinada Ministero per i Beni Culturali e Ambientali
9 (RLIN) 3583
245 10 - MENCIÓN DE TÍTULO
Título Roma in stereoscopia :
Resto del título 1855-1908 /
Mención de responsabilidad, etc. Ministero per i Beni Culturali e Ambientali.Ufficio centrale per i beni librari e gli istituti culturali.Biblioteca vallicelliana. Museo di Palazzo Venezia.
300 ## - DESCRIPCIÓN FÍSICA
Extensión 159 p. :
Otras características físicas retrs. ;
Dimensiones 30 cm.
504 ## - NOTA DE BIBLIOGRAFÍA, ETC.
Nota de bibliografía, etc. Bibliografía: p. 12-13
651 #4 - PUNTO DE ACCESO ADICIONAL DE MATERIA--NOMBRE GEOGRÁFICO
Nombre geográfico Roma (Italia{Rpara}
Subdivisión general Obras Ilustradas
-- Exposiciones
9 (RLIN) 3584
651 #4 - PUNTO DE ACCESO ADICIONAL DE MATERIA--NOMBRE GEOGRÁFICO
Nombre geográfico Roma (Italia{Rpara}
Subdivisión general Exposiciones
9 (RLIN) 3585
710 1# - PUNTO DE ACCESO ADICIONAL--NOMBRE DE ENTIDAD CORPORATIVA
Nombre de entidad corporativa o nombre de jurisdicción como elemento de entrada Italia.
Unidad subordinada Ufficio centrale per i beni librari e gli istituti culturali.
9 (RLIN) 3586
710 2# - PUNTO DE ACCESO ADICIONAL--NOMBRE DE ENTIDAD CORPORATIVA
Nombre de entidad corporativa o nombre de jurisdicción como elemento de entrada Biblioteca vallicelliana.
9 (RLIN) 3587
710 2# - PUNTO DE ACCESO ADICIONAL--NOMBRE DE ENTIDAD CORPORATIVA
Nombre de entidad corporativa o nombre de jurisdicción como elemento de entrada Museo di Palazzo Venezia (Roma, Italia)
9 (RLIN) 3588
910 ## - DATOS DE OPCIÓN DEL USUARIO (OCLC)
Datos de opción del usuario Catalogación por copia / LC
Holdings
Estado de retiro Estado de pérdida Restricciones de uso No para préstamo Código de colección Localización permanente Ubicación/localización actual Ubicación en estantería Fecha de adquisición Número de inventario Total de préstamos Signatura topográfica completa Código de barras Fecha visto por última vez Precio válido a partir de Tipo de ítem Koha
    Préstamo interno Préstamo en sala Dominicana de Servicio Biblioteca Nacional Pedro Henríquez Ureña Biblioteca Nacional Pedro Henríquez Ureña Depósito 25.06.2009 LF1   945 M665R 1035-10 25.06.2020 25.06.2020 Libros y folletos

Powered by Koha